000 01090nam a22002537a 4500
005 20221220133224.0
008 221219b ||||| |||| 00| 0 eng d
020 _a9780091929114
040 _cAL
041 _aeng
082 _223
_a650.1
_bFERF
100 _aTimothy Ferriss
_966962
245 _aFour hour work week:
_bEscape the nine to five live anywhere and join the new rich
260 _aLondon
_bVermillion
_c2011
300 _axv,396p.
_bPB
_c21x13cm.
365 _2Physics
_a6658
_b639.00
_c
_d799.00
_e20%
_f799.00
_g15-12-2022
520 _aHow to reconstruct your life? Whether your dream is experiencing high-end world travel, earning a monthly five-figure income with zero management, or just living more and working less, this book teaches you how to double your income, and how to outsource your life to overseas virtual assistants for $5 per hour and do whatever you want.
650 _aDefinition
_966770
650 _aElimination
_966771
650 _aAutomation
_966772
650 _aLiberation
_966773
700 _aFERRISS (Timothy)
_966774
942 _2ddc
_cBK
999 _c225929
_d225929